000 00434nam a2200181Ia 4500
001 8044
003 IN-NITTTR
005 20251114233034.0
008 251113s9999||||xx |||||||||||||| ||eng||
040 _beng
040 _cIN-NITTTR
041 _aeng
082 _a681 B261C
100 _aBarnes, R. W.
245 2 _aA craft approach to technology /
_cBarnes, R. W., Knight, G. C.
700 _a Knight, G. C.
942 _2ddc
_cBK
999 _c10682
_d10682